|
|
|
|
| LEADER |
01463nam a2200385Ia 4500 |
| 001 |
EBC589835 |
| 003 |
MiAaPQ |
| 005 |
20200520144314.0 |
| 006 |
m o d | |
| 007 |
cr cn||||||||| |
| 008 |
100722s2010 dcua sb 000 0 eng d |
| 020 |
|
|
|z 0821383957
|
| 020 |
|
|
|z 9780821383957
|
| 035 |
|
|
|a (MiAaPQ)EBC589835
|
| 035 |
|
|
|a (Au-PeEL)EBL589835
|
| 035 |
|
|
|a (CaPaEBR)ebr10408435
|
| 035 |
|
|
|a (CaONFJC)MIL272566
|
| 035 |
|
|
|a (OCoLC)701720767
|
| 040 |
|
|
|a MiAaPQ
|c MiAaPQ
|d MiAaPQ
|
| 050 |
|
4 |
|a HD57.7
|b .A533 2010
|
| 100 |
1 |
|
|a Andrews, Matt.
|
| 245 |
1 |
0 |
|a Development as leadership-led change
|h [electronic resource] :
|b a report for the Global Leadership Initiative /
|c Matt Andrews, Jesse McConnell, Alison Wescott; [foreword, J. Edgardo Campos].
|
| 260 |
|
|
|a Washington, D.C. :
|b World Bank,
|c 2010.
|
| 300 |
|
|
|a vii, 75 p. :
|b ill.
|
| 490 |
0 |
|
|a World Bank study
|
| 504 |
|
|
|a Includes bibliographical references.
|
| 533 |
|
|
|a Electronic reproduction. Ann Arbor, MI : ProQuest, 2015. Available via World Wide Web. Access may be limited to ProQuest affiliated libraries.
|
| 650 |
|
0 |
|a Leadership
|z Developing countries.
|
| 650 |
|
0 |
|a Organizational change
|z Developing countries.
|
| 655 |
|
4 |
|a Electronic books.
|
| 700 |
1 |
|
|a McConnell, Jesse.
|
| 700 |
1 |
|
|a Wescott, Alison.
|
| 710 |
2 |
|
|a World Bank.
|
| 710 |
2 |
|
|a ProQuest (Firm)
|
| 856 |
4 |
0 |
|u https://ebookcentral.proquest.com/lib/matrademy/detail.action?docID=589835
|z Click to View
|